00739nam a2200217Ii 45000010005000000030009000050080041000140400033000550410008000880820016000961000031001122450014001432640062001573000012002193360026002313370028002573380027002859400050003129990017003629520142003794063CO-ViMGA241108s9999||||xx |||||||||||||| ||und|| aCO-ViMGAbspaerdacCO-ViMGA0 aunk04a398.21-F6791 aJuan de la Fontaine95567010aFábulas 1a[Lugar de publicación no identificado] : Bedout, [19??] avolumen atextbtxt2rdacontent aunmediatedbn2rdamedia avolumebnc2rdacarrier aidficha_siabuc: 3972. -- ficha_no_siabuc:4063 c53304d53304 001040708001aMEVIGERRbMEVIGERRcGENd2006-11-27hVol.1o398.21-F679pECA2787r2024-11-26 10:09:55tEj.1w2024-11-26yBKz3972 | 5817